| 000 | 00468cam a2200193ua 4500 | ||
|---|---|---|---|
| 001 | 7719 | ||
| 008 | 141222n ii |||gr||||Z||||||ben | ||
| 040 | _cMAIN | ||
| 041 | _aben | ||
| 082 | _a294.5 | ||
| 100 |
_aBasu, K., _eEditor. |
||
| 245 | 1 |
_aVivekananda samagra : _bVol III / _cEdited by Kanchan Basu . |
|
| 250 | _a1st. | ||
| 260 |
_aKolkatta: _bReflect, _c1992. |
||
| 300 | _a382p. | ||
| 653 | _aReligions ofIndic origin | ||
| 653 | _aHinduism | ||
| 942 | _cBK | ||
| 999 |
_c6840 _d6840 |
||